000 00847nam a2200253 a 4500
005 20140412111253.0
008 000824s19uu xx 00 eng d
020 _a0-590-52749-5
050 _aTR(PS E
_bIf1 1996
050 _aER
_bIf1 1996
100 _aMcMullan, Kate
245 _aIf you were my bunny /
_cby Kate McMullan ; illustrated by David McPhail.
260 _aNew York :
_bScholastic Inc,
_c1996.
300 _a1 v. (unp.) ; ill.
440 _aStory Corner
520 _aA mother tells her baby how she would care for it if were a bunny, a kitten, or other animal infant; she then sings a lullaby about each baby animal.
650 _aBabies-Fiction
650 _aMother and child-Fiction
650 _aBedtime-Fiction
650 _aAnimals-Infancy-Fiction
650 _aLullabies
999 _c103190
_d103190